Upevňovanie postavenia Číny v časoch globálnej hospodárskej krízy
Súčasná situácia vo svetovom hospodárstve s dôrazom na postavenie Číny. Rast čínskeho hospodárstva v období 2006-2010 v HDP. Upevňovanie pozície Číny vo svetovom hospodárstve. Menové rezervy krajín Ázie. Zmeny pozícií vo svetovom hospodárstve (predpokladaný vývoj 2010 a 2020).
Gespeichert in:
| 1. Verfasser: | |
|---|---|
| Format: | Buchkapitel |
| Sprache: | Slowakisch |
| Schlagworte: | |
| Tags: |
Keine Tags, Fügen Sie das erste Tag hinzu!
|
MARC
| LEADER | 00000nla$a2200000$$$4500 | ||
|---|---|---|---|
| 001 | 0124892 | ||
| 005 | 20240530071930.9 | ||
| 041 | 0 | |a slo | |
| 044 | |a SK | ||
| 245 | 1 | 0 | |a Upevňovanie postavenia Číny v časoch globálnej hospodárskej krízy |c Silvia Szökeová |
| 520 | |a Súčasná situácia vo svetovom hospodárstve s dôrazom na postavenie Číny. Rast čínskeho hospodárstva v období 2006-2010 v HDP. Upevňovanie pozície Číny vo svetovom hospodárstve. Menové rezervy krajín Ázie. Zmeny pozícií vo svetovom hospodárstve (predpokladaný vývoj 2010 a 2020). | ||
| 610 | 2 | 0 | |a hospodárstvo svetové |
| 610 | 2 | 0 | |a kríza hospodárska |
| 610 | 2 | 0 | |a Čína |
| 610 | 2 | 0 | |a prognózy hospodárske medzinárodné |
| 100 | 1 | |a Szökeová, Silvia | |